LEADER 00896nas 2200325 450 001 990003506730203316 005 20110302142013.0 035 $a000350673 035 $aUSA01000350673 035 $a(ALEPH)000350673USA01 035 $a000350673 100 $a20110302a----9999km-y-itay50------ba 101 0 $aita 102 $aIT 110 $aafazz--|||| 200 1 $aMiscellanea$fdirettore responsabile A. Tartarelli 210 $aMilano$cs.n. 215 $av.$d27 cm 300 $aDescrizione basata su: Vol. 44, n.188(1968) 326 $aMensile 606 0 $aMedicina$xPeriodici$2BNCF 676 $a610.5 801 0$aIT$bsalbc$gISBD 912 $a990003506730203316 958 $aMED$bFDC PER 75/1964-1971$c1964-1971; 959 $aSE 979 $aMANCUSO$b90$c20110302$lUSA01$h1052 979 $aMANCUSO$b90$c20110302$lUSA01$h1420 996 $aMiscellanea$9148858 997 $aUNISA LEADER 01755nam2 2200325 i 450 001 CFI0022519 005 20251003044111.0 010 $a8814008477 020 $aIT$b88-4238 100 $a20130827d1986 ||||0itac50 ba 101 | $aita 102 $ait 181 1$6z01$ai $bxxxe 182 1$6z01$an 200 1 $aˆ26.4: ‰Contratto di noleggio$fEugenio Spasiano 210 $aMilano$cA. Giuffrè$d1986 215 $aXIII, 230 p.$d25 cm. 461 1$1001CFI0035976$12001 $aTrattato di diritto civile e commerciale$fgià diretto da Antonio Cicu, Francesco Messineo$gcontinuato da Luigi Mengoni$g[poi] già diretto da Antonio Cicu, Francesco Messineo, Luigi Mengoni$gcontinuato da Piero Schlesinger$v26.4 606 $aNoleggio$2FIR$3CFIC018211$9I 676 $a346.022$9DIRITTO PRIVATO. CONSIDERAZIONI GENERALI DEI CONTRATTI$v21 676 $a346.07$9DIRITTO COMMERCIALE$v21 700 1$aSpasiano$b, Eugenio$3CFIV034419$4070$0228420 801 3$aIT$bIT-000000$c20130827 850 $aIT-BN0095 $aIT-AV0007 $aIT-NA0457 $aIT-NA0070 901 $bNAP BI$cSALA 1 $nLibri da 1 a 960 912 $aCFI0022519 950 2$aBiblioteca Centralizzata di Ateneo$cv. 1;3-4;v. 1-4;1.1-3.1;4;5.1;6.1.1-6.2-6.3;7-8.2;9.3;10-11.2-14.2;16.1-16.2;18.3;19;21.1-23;24.1-24.2; 25.2;26.1;26.2.1;26.2.1;26.3-26.4;27.1-27.2.1;28(3. copia);30.1-30.3;31.1-31.3;32;34(2. copia);35.1;37.1-38.1;39.1;41.3;42;43.1-43.2;48(2. copia)-51;53-55;62.2;$d 01TRA 31 TRADDC$e 01AR 0700107455 VMA (00026.4 v. 26.4 (Precedente collocazione (AR) 346.45 TRA$fB $h20250317$i20250317 977 $a 01$a AV$a BI$a BU 996 $aContratto di noleggio$9682250 997 $aUNISANNIO